[Event "September Blitz"]
[Site "SchemingMind.com"]
[Date "2011.09.08"]
[Round "-"]
[White "Clive Everill"]
[Black "CortexContusion"]
[Result "1-0"]
[WhiteCountry "CZE"]
[BlackCountry "USA"]
[WhiteElo "1809"]
[WhiteRD "50"]
[BlackElo "1779"]
[BlackRD "69"]
[GameID "292478"]

1. e4 c5 2. Nf3 d6 3. Bb5+ Bd7 4. c4 e5 5. Nc3 Nf6 6. d3 Nc6 7. O-O Be7 8. Kh1 Bg4 9. Qa4 O-O 10. Bxc6 bxc6
11. Qxc6 Bd7 12. Qa6 Bg4 13. Ng1 Nh5 14. Nd5 Bg5 15. Bxg5 Qxg5 16. Qxd6 Rad8 17. Qxc5 Rxd5 18. cxd5
1-0

[Event "September Blitz"]
[Site "SchemingMind.com"]
[Date "2011.09.07"]
[Round "-"]
[White "Clive Everill"]
[Black "mmccaffe"]
[Result "1-0"]
[WhiteCountry "CZE"]
[BlackCountry "USA"]
[WhiteElo "1809"]
[WhiteRD "50"]
[BlackElo "1668"]
[BlackRD "48"]
[GameID "292479"]

1. e4 e5 2. f4 exf4 3. Bc4 d5 4. Bxd5 Nf6 5. Bc4 Bc5 6. Nf3 O-O 7. d4 Bb4+ 8. c3 Be7 9. e5 Nd5 10. O-O c5
11. Bxd5 Qxd5 12. Bxf4 Nc6 13. Na3 Bg4 14. Qd3 Rfd8 15. c4 Qd7 16. d5 Bxf3 17. Qxf3 Nd4 18. Qd3 f6 19. e6 Qe8 20. Rae1 Bd6
21. Bxd6 Rxd6 22. Re3 Qe7 23. b4 b6 24. bxc5 bxc5 25. Nc2
1-0

[Event "September Blitz"]
[Site "SchemingMind.com"]
[Date "2011.09.07"]
[Round "-"]
[White "Clive Everill"]
[Black "berra"]
[Result "1-0"]
[WhiteCountry "CZE"]
[BlackCountry "SWE"]
[WhiteElo "1809"]
[WhiteRD "50"]
[BlackElo "1554"]
[BlackRD "68"]
[GameID "292480"]

1. e4 e6 2. d4 d5 3. Nd2 c5 4. Ne2 Nc6 5. exd5 Qxd5 6. Nb3 c4 7. Nf4 Qb5 8. Nd2 Nxd4 9. Bxc4 Qe5+ 10. Ne2 Nxe2
11. Bxe2 a6 12. O-O Bd6 13. g3 Qd5 14. c4 Qc6 15. Bf3 Qc5 16. b3 Qe5 17. Rb1 Nf6 18. Bb2 Qf5 19. Bxf6 gxf6 20. Bg4 Qc5
21. Ne4 Qe5 22. Nxd6+
1-0

[Event "September Blitz"]
[Site "SchemingMind.com"]
[Date "2011.09.09"]
[Round "-"]
[White "Clive Everill"]
[Black "emvarela"]
[Result "1-0"]
[WhiteCountry "CZE"]
[BlackCountry "ARG"]
[WhiteElo "1809"]
[WhiteRD "50"]
[BlackElo "1728"]
[BlackRD "46"]
[GameID "292481"]

1. e4 e5 2. Nc3 Nf6 3. f4 d5 4. fxe5 Nxe4 5. Nf3 Be7 6. d3 Nxc3 7. bxc3 c5 8. Be2 O-O 9. O-O Nc6 10. Bf4 Be6
11. Qd2 f6 12. d4 fxe5 13. dxe5 d4 14. cxd4 Nxd4 15. Nxd4 cxd4 16. Bd3 Bc5 17. Kh1 Qd7 18. a4
1-0

[Event "September Blitz"]
[Site "SchemingMind.com"]
[Date "2011.09.07"]
[Round "-"]
[White "Clive Everill"]
[Black "abuteague"]
[Result "1-0"]
[WhiteCountry "CZE"]
[BlackCountry "USA"]
[WhiteElo "1809"]
[WhiteRD "50"]
[BlackElo "1635"]
[BlackRD "63"]
[GameID "292482"]

1. e4 d6 2. d4 Nf6 3. f3 g6 4. c4 Bg7 5. Be3 O-O 6. Bd3 c6 7. Ne2 Qb6 8. b3 Nbd7 9. O-O e5 10. c5 dxc5
11. dxc5 Qc7 12. Nbc3 Rd8 13. Qc2 Nf8 14. Rad1 Be6 15. f4 exf4 16. Bxf4 Qa5 17. Bd2 Qxc5+ 18. Kh1 Bg4 19. Rfe1 Ne6 20. h3 Nd4
21. Qc1 Nxe2 22. Bxe2 Bxe2 23. Rxe2 Re8 24. Be3 Qe7 25. Bg5 Qe5 26. Bf4 Qa5 27. e5 Nh5 28. Bh2 Bxe5 29. Rde1 f6 30. g4 Ng7
31. Bxe5 Rxe5 32. Rxe5 fxe5 33. Ne4 Qd5 34. Kh2 Kh8 35. Qh6 Ne6 36. Nf6
1-0

[Event "September Blitz"]
[Site "SchemingMind.com"]
[Date "2011.09.07"]
[Round "-"]
[White "Clive Everill"]
[Black "kenneth m day"]
[Result "0-1"]
[WhiteCountry "CZE"]
[BlackCountry "USA"]
[WhiteElo "1809"]
[WhiteRD "50"]
[BlackElo "1943"]
[BlackRD "55"]
[GameID "292483"]

1. e4 e6 2. d4 d5 3. Nd2 Nf6 4. e5 Nfd7 5. c3 c5 6. Bd3 Nc6 7. Ngf3 Be7 8. O-O O-O 9. Re1 f5 10. exf6 Nxf6
11. Nf1 Bd7 12. Ng3 cxd4 13. cxd4 Qc7 14. Ng5 Nxd4 15. Bxh7+ Nxh7 16. Nxh7 Kxh7 17. Qxd4 Bf6 18. Qd3+ Kg8 19. Rb1 Be5 20. Nh5 Bxh2+
21. Kf1 Rf5 22. g4 Rf7 23. Bg5 Raf8 24. Re2 a6 25. Rc2 Bb5 26. Rxc7 Bxd3+ 27. Kg2 Rxf2+ 28. Kh3 Bxc7 29. Re1 Rh2#
0-1

[Event "September Blitz"]
[Site "SchemingMind.com"]
[Date "2011.09.08"]
[Round "-"]
[White "jtrochez1"]
[Black "Clive Everill"]
[Result "0-1"]
[WhiteCountry "HON"]
[BlackCountry "CZE"]
[WhiteElo "1571"]
[WhiteRD "53"]
[BlackElo "1790"]
[BlackRD "52"]
[GameID "292484"]

1. e4 Nc6 2. Bc4 Nf6 3. Nc3 e6 4. a3 Na5 5. Ba2 b6 6. d3 Bb7 7. Bg5 Be7 8. Nf3 O-O 9. O-O d5 10. exd5 exd5
11. Bxf6 Bxf6 12. d4 Bc6 13. Ne2 Re8 14. Nc3 Qd7 15. Re1 Nb7 16. Qd2 Nd6 17. Rxe8+ Rxe8 18. Bxd5 Bxd5 19. Nxd5 Bd8 20. Ne5 Qe6
21. Nf4 Qf5 22. Nfd3 Bg5 23. Qb4 Ne4 24. Qb5 Rd8 25. c3 Bf6 26. Rd1 Bxe5 27. Qxe5 Qxe5 28. Nxe5 c5 29. Nc6 Rd7 30. f3 Nf6
31. Ne5 Rd6 32. Nc4 Rd7 33. Ne5 Rd5 34. c4 Rxd4 35. Rxd4 cxd4 36. Kf1 a5 37. Ke2 Nh5 38. g3 Nf6 39. Kd3 Ne8 40. Kxd4 Nc7
41. b4 axb4 42. axb4 Na6 43. b5 Nc5 44. Nc6 Kf8
0-1

[Event "September Blitz"]
[Site "SchemingMind.com"]
[Date "2011.09.07"]
[Round "-"]
[White "e_castle3"]
[Black "Clive Everill"]
[Result "1-0"]
[WhiteCountry "PHI"]
[BlackCountry "CZE"]
[WhiteElo "1877"]
[WhiteRD "52"]
[BlackElo "1790"]
[BlackRD "52"]
[GameID "292485"]

1. e4 e6 2. d4 d5 3. exd5 exd5 4. Nf3 Bd6 5. Nc3 c6 6. Be2 Ne7 7. O-O O-O 8. Re1 Nd7 9. Bg5 f6 10. Bh4 Nf5
11. Bg3 Nxg3 12. hxg3 Nb6 13. Qd2 Bg4 14. b3 Qc7 15. Nh2 Bxe2 16. Nxe2 Rae8 17. a4 Re7 18. Nf1 Rfe8 19. Ne3 Nd7 20. c4 dxc4
21. bxc4 c5 22. d5 g6 23. Nc3 a6 24. Rab1 Ne5 25. Ne4 f5 26. Nf6+ Kf7 27. Nxe8 Rxe8 28. Rb3 b6 29. f4 Nd7 30. Kf2 Nf6
31. Kf3 Ne4 32. Qb2 Rb8 33. Rb1 h6 34. Nf1 b5 35. axb5 a5 36. Ne3 Be7 37. Rh1 Bf8 38. Rd3 Bg7 39. Qa3 Bd4 40. Rxh6 Kf6
41. d6 Qxd6 42. Qxa5 Qf8 43. Qa6+ Nd6 44. Rh7 g5 45. Rd7 g4+ 46. Ke2 Rd8 47. Nd5+ Kg6 48. Re7 Bf6 49. Re6 Ne4 50. Rxf6+ Nxf6
51. Qxf6+ Qxf6 52. Nxf6 Ra8 53. Nd5 Ra2+ 54. Rd2 Ra3 55. Kf2 Rb3 56. b6 Kf7 57. Re2 Kf8 58. Re5 Rb2+ 59. Kg1 Rb1+ 60. Kh2 Rb3
61. Rxf5+ Ke8 62. Rg5
1-0

[Event "September Blitz"]
[Site "SchemingMind.com"]
[Date "2011.09.09"]
[Round "-"]
[White "CortexContusion"]
[Black "Clive Everill"]
[Result "0-1"]
[WhiteCountry "USA"]
[BlackCountry "CZE"]
[WhiteElo "1779"]
[WhiteRD "69"]
[BlackElo "1809"]
[BlackRD "50"]
[GameID "292486"]

1. d4 d5 2. c4 c6 3. Nf3 dxc4 4. e3 Be6 5. Qc2 Nf6 6. Nc3 b5 7. b3 g6 8. bxc4 bxc4 9. Ne5 Bg7 10. Nxc4 O-O
11. Be2 Nbd7 12. e4 Nb6 13. Ne5 Rc8 14. Be3 Kh8 15. O-O Nfd7 16. Nxd7 Bxd7 17. e5 Bf5 18. Qd2 Nd5 19. Nxd5 Qxd5 20. Bf3 Be4
21. Bxe4 Qxe4 22. Rae1 Qd5 23. Re2 e6 24. Rc1 Rc7 25. Rc5 Qd7 26. Qb4 Rfc8 27. Bf4 Bf8
0-1

[Event "September Blitz"]
[Site "SchemingMind.com"]
[Date "2011.09.07"]
[Round "-"]
[White "mmccaffe"]
[Black "Clive Everill"]
[Result "0-1"]
[WhiteCountry "USA"]
[BlackCountry "CZE"]
[WhiteElo "1668"]
[WhiteRD "48"]
[BlackElo "1809"]
[BlackRD "50"]
[GameID "292487"]

1. d4 d5 2. c4 c6 3. Nf3 dxc4 4. e3 b5 5. a4 e6 6. Nc3 Bb4 7. Bd2 Bb7 8. axb5 Bxc3 9. Bxc3 cxb5 10. Bb4 Nc6
11. Bd2 Nf6 12. b3 cxb3 13. Bxb5 Qd5 14. Bxc6+ Bxc6 15. O-O O-O 16. Ra5 Qd6 17. Qxb3 Rfb8 18. Qa3 Qc7 19. Ne5 Bd5 20. Rc1 Qb7
21. f3 Nd7 22. Nxd7 Qxd7 23. Qa4 Qxa4 24. Rxa4 g6
0-1

[Event "September Blitz"]
[Site "SchemingMind.com"]
[Date "2011.09.07"]
[Round "-"]
[White "berra"]
[Black "Clive Everill"]
[Result "0-1"]
[WhiteCountry "SWE"]
[BlackCountry "CZE"]
[WhiteElo "1554"]
[WhiteRD "68"]
[BlackElo "1809"]
[BlackRD "50"]
[GameID "292488"]

1. e4 Nc6 2. Nf3 f5 3. Bd3 f4 4. O-O e5 5. c3 Nf6 6. Re1 Bc5 7. b4 Bb6 8. Bc4 Ng4 9. Re2 d6 10. d4 Bd7
11. d5 Ne7 12. h3 Nf6 13. Na3 O-O 14. Qb3 Qc8 15. Ng5 h6 16. Nf3 Bxh3 17. g3 fxg3 18. Be3 gxf2+ 19. Bxf2 Qg4+
0-1

[Event "September Blitz"]
[Site "SchemingMind.com"]
[Date "2011.09.09"]
[Round "-"]
[White "emvarela"]
[Black "Clive Everill"]
[Result "0-1"]
[WhiteCountry "ARG"]
[BlackCountry "CZE"]
[WhiteElo "1751"]
[WhiteRD "48"]
[BlackElo "1790"]
[BlackRD "52"]
[GameID "292489"]

1. e4 e6 2. d4 d5 3. Nc3 Nc6 4. Nf3 Nf6 5. e5 Nd7 6. Bb5 Be7 7. O-O a6 8. Bxc6 bxc6 9. Be3 O-O 10. a3 Nb6
11. g3 Nc4 12. b4 Nxe3 13. fxe3 Bb7 14. e4 f5 15. exf6 Bxf6 16. e5 Be7 17. Ne2 a5 18. c3 Ba6
0-1

[Event "September Blitz"]
[Site "SchemingMind.com"]
[Date "2011.09.07"]
[Round "-"]
[White "abuteague"]
[Black "Clive Everill"]
[Result "0-1"]
[WhiteCountry "USA"]
[BlackCountry "CZE"]
[WhiteElo "1635"]
[WhiteRD "63"]
[BlackElo "1809"]
[BlackRD "50"]
[GameID "292490"]

1. d4 d5 2. c4 c6 3. Nf3 dxc4 4. a4 Nf6 5. Nc3 Qa5 6. Bd2 Qc7 7. e3 Bg4 8. Bxc4 e6 9. h3 Bh5 10. Be2 Nbd7
11. O-O O-O-O 12. Na2 Ne4 13. Bb4 Bxb4 14. Nxb4 Qa5 15. Nd3 Bxf3 16. Bxf3 Nd2 17. Re1 Nf6 18. b4 Nxf3+ 19. Qxf3 Qc7 20. b5 Rd6
21. bxc6 bxc6 22. Rec1 Nd5 23. Ne5 f6 24. Nc4 Rd7 25. Qe2 Kd8 26. e4 Nf4 27. Qd2 g5 28. Qa5 Ne2+ 29. Kh1 Nxc1 30. Rxc1 Rxd4
31. Qxc7+ Kxc7 32. Na5 Rxa4 33. Rxc6+ Kd7 34. Ra6 Ra8
0-1

[Event "September Blitz"]
[Site "SchemingMind.com"]
[Date "2011.09.07"]
[Round "-"]
[White "kenneth m day"]
[Black "Clive Everill"]
[Result "1-0"]
[WhiteCountry "USA"]
[BlackCountry "CZE"]
[WhiteElo "1938"]
[WhiteRD "56"]
[BlackElo "1790"]
[BlackRD "52"]
[GameID "292491"]

1. d4 d5 2. Bf4 c6 3. Nf3 Bg4 4. Nbd2 e6 5. e3 Bd6 6. Be2 Nf6 7. Bg5 h6 8. Bh4 g5 9. Bg3 Bxg3 10. hxg3 Nbd7
11. Ne5 Bxe2 12. Qxe2 Qe7 13. f4 O-O-O 14. O-O-O Nxe5 15. dxe5 Nd7 16. Nb3 Nb6 17. Qd3 Kb8 18. Qc3 Rdg8 19. Qd4 h5 20. Rd2 Nc4
21. Re2 b6 22. Nd2 c5 23. Qd3 Na5 24. Qb5 c4 25. e4 gxf4 26. exd5 exd5 27. gxf4 Qe6 28. Nf3 Rg3 29. Rd2 Rhg8 30. Qxd5 Rxg2
31. Qxe6 fxe6 32. Rxh5 R2g4 33. Nd4 Rxf4 34. Nxe6 Rf1+ 35. Rd1 Rxd1+ 36. Kxd1 Rg1+ 37. Kd2 Rg2+ 38. Kc3 Rg6 39. Nf4 Rg4 40. Rf5 Rg3+
41. Kd4 Rg7 42. e6 Nc6+ 43. Kxc4 a6 44. a4 Nd8 45. Kd5 Kc7 46. Re5 Re7 47. Ng6 Re8 48. e7 Nc6 49. Re6 Nb8 50. Rf6 Nd7
51. Rc6+ Kb7 52. Kd6 Nf6 53. Rc7+ Kb8 54. Ne5 Ng8 55. Rd7 Kc8 56. Nc6 Nxe7 57. Nxe7+ Kb8 58. Kc6 b5 59. Rb7+ Ka8 60. Kb6
1-0

[Event "September Blitz"]
[Site "SchemingMind.com"]
[Date "2011.09.07"]
[Round "-"]
[White "lennart"]
[Black "jtrochez1"]
[Result "1-0"]
[WhiteCountry "SWE"]
[BlackCountry "HON"]
[WhiteElo "1491"]
[WhiteRD "52"]
[BlackElo "1571"]
[BlackRD "53"]
[GameID "292492"]

1. e4 e5 2. Nf3 Nc6 3. Bd3 d6 4. O-O Be7 5. c3 h6 6. Na3 a6 7. Nc2 Be6 8. Be2 Bf6 9. d3 Nge7 10. Nb4 Qd7
11. Re1 Nxb4 12. cxb4 Ng6 13. a4 c6 14. d4 Qc7 15. d5 cxd5 16. exd5 Bd7 17. a5 O-O 18. Be3 Qb8 19. Nd2 Bd8 20. Nc4 Bb5
21. b3 Re8 22. Na3 Bxe2 23. Qxe2 Bf6 24. Rab1 Ne7 25. Nc4 Nc8 26. Bd2 Qc7 27. Qg4 Kh7 28. Rbc1 Qe7 29. Ne3 Bg5 30. Nf5 Qf6
31. Bxg5 Qxg5 32. Qxg5 hxg5 33. Rc7 Rf8 34. Rxb7 g6 35. Ng3 Ra7 36. Rb8 Kg7 37. Ne4 Kh6 38. Nxd6 Rc7 39. b5 axb5 40. Nxc8 Rfxc8
41. Rxb5 Rc1 42. Kf1 Rxe1+ 43. Kxe1 f6 44. a6 Rc1+ 45. Kd2 Ra1 46. Rb6 Ra2+ 47. Ke3 f5 48. d6 Rc2 49. g3 f4+ 50. gxf4 gxf4+
51. Kf3 Rc3+ 52. Kg2 f3+ 53. Kg3 e4 54. a7 e3 55. Kxf3
1-0

[Event "September Blitz"]
[Site "SchemingMind.com"]
[Date "2011.09.07"]
[Round "-"]
[White "lennart"]
[Black "e_castle3"]
[Result "0-1"]
[WhiteCountry "SWE"]
[BlackCountry "PHI"]
[WhiteElo "1479"]
[WhiteRD "55"]
[BlackElo "1849"]
[BlackRD "52"]
[GameID "292493"]

1. e4 e5 2. Nf3 Nc6 3. c3 d6 4. Bc4 Be6 5. Bxe6 fxe6 6. O-O Qf6 7. d3 h6 8. a4 Nge7 9. b4 Ng6 10. b5 Nce7
11. Nbd2 Nf4 12. Ne1 g5 13. f3 d5 14. c4 d4 15. Rf2 Bg7 16. Nf1 O-O 17. Bxf4 gxf4 18. h3 Qg6 19. Nh2 h5 20. Kf1 Qg3
21. Kg1 Bf6 22. Nf1 Qg6 23. Rd2 Bh4 24. Raa2 Kh8 25. a5 a6 26. b6 c6 27. Re2 Ng8 28. c5 Nh6 29. Qd2 Be7 30. Rc2 h4
31. Qd1 Rg8 32. Rc4 Nf7 33. Rb2 Ng5 34. Kh2 Qf7 35. Rcc2 Rg6 36. Kh1 Rag8 37. Nh2 Qf8 38. Ng4 Nf7 39. Kg1 Bxc5 40. Kf2 Bb4
41. Ra2 Qd6 42. Re2 Nh6 43. Nc2 Nxg4+ 44. hxg4 Bc3 45. Na3 Kg7 46. Nc4 Qc5 47. Qh1 Rh8 48. Kg1 Kf6 49. g3 fxg3 50. Rg2 Kg5
51. Raf2 gxf2+ 52. Rxf2 Be1
0-1

[Event "September Blitz"]
[Site "SchemingMind.com"]
[Date "2011.09.07"]
[Round "-"]
[White "lennart"]
[Black "Clive Everill"]
[Result "0-1"]
[WhiteCountry "SWE"]
[BlackCountry "CZE"]
[WhiteElo "1479"]
[WhiteRD "55"]
[BlackElo "1809"]
[BlackRD "50"]
[GameID "292494"]

1. e4 a6 2. d4 b5 3. Nf3 Bb7 4. Bd3 Nf6 5. O-O Bxe4 6. Be2 e6 7. Ng5 Bg6 8. Bf3 d5 9. Re1 c5 10. c3 c4
11. a4 b4 12. b3 cxb3 13. Qxb3 a5 14. c4 Ne4 15. Nxe4 dxe4 16. Bd1 Qxd4 17. Ra2 Qd3 18. Nd2 Bc5 19. Bc2 Qd4 20. Qe3 Qxe3
21. fxe3 f5 22. Nb3 Be7 23. Nd4 Kf7 24. Bb3 Bc5 25. Kh1 e5 26. Nc2 Rd8 27. Bb2 Ke6 28. Raa1 Bh5 29. Rec1 Nd7 30. Rf1 Nf6
31. Ba2 Ng4 32. Rfe1 Nf2+ 33. Kg1 Nd3 34. Reb1 f4
0-1

[Event "September Blitz"]
[Site "SchemingMind.com"]
[Date "2011.09.08"]
[Round "-"]
[White "lennart"]
[Black "CortexContusion"]
[Result "0-1"]
[WhiteCountry "SWE"]
[BlackCountry "USA"]
[WhiteElo "1479"]
[WhiteRD "55"]
[BlackElo "1779"]
[BlackRD "69"]
[GameID "292495"]

1. e4 e5 2. Nf3 Nc6 3. Nc3 Nf6 4. Bc4 Nxe4 5. Nxe4 d5 6. Bd3 dxe4 7. Bxe4 Bd6 8. a3 Bg4 9. d3 O-O 10. c3 h6
11. h3 Be6 12. d4 exd4 13. cxd4 Bd7 14. O-O Qc8 15. Re1 Re8 16. Kf1 Bxh3 17. Re3 Bxg2+ 18. Kxg2 Qg4+ 19. Kf1 Rxe4 20. Ke2 Nxd4+
21. Kd3 Nxf3 22. Qh1 Ne5+ 23. Kc3 Rc4+ 24. Kb3 Qe6 25. f4 Rxc1+
0-1

[Event "September Blitz"]
[Site "SchemingMind.com"]
[Date "2011.09.07"]
[Round "-"]
[White "lennart"]
[Black "mmccaffe"]
[Result "1-0"]
[WhiteCountry "SWE"]
[BlackCountry "USA"]
[WhiteElo "1479"]
[WhiteRD "55"]
[BlackElo "1668"]
[BlackRD "48"]
[GameID "292496"]

1. e4 e5 2. Nf3 Nc6 3. c3 d5 4. exd5 Qxd5 5. b3 Bg4 6. Be2 Nf6 7. c4 Qd8 8. Ba3 Bxa3 9. Nxa3 O-O 10. h3 Bh5
11. O-O Qe7 12. Nb5 a6 13. Nc3 Rad8 14. Qc2 Bg6 15. d3 Nd4 16. Nxd4 exd4 17. Nd1 Rfe8 18. Re1 Bh5 19. f3 h6 20. Nf2 Nh7
21. Qd2 Ng5 22. Ne4 Nxe4 23. fxe4 Bxe2 24. Rxe2 f5 25. e5 Qg5 26. Qxg5 hxg5 27. Rf1 f4 28. Rf3 Rd7 29. Kh2
1-0

[Event "September Blitz"]
[Site "SchemingMind.com"]
[Date "2011.09.07"]
[Round "-"]
[White "lennart"]
[Black "berra"]
[Result "0-1"]
[WhiteCountry "SWE"]
[BlackCountry "SWE"]
[WhiteElo "1479"]
[WhiteRD "55"]
[BlackElo "1554"]
[BlackRD "68"]
[GameID "292497"]

1. e4 e5 2. Nf3 Nc6 3. Bd3 Bc5 4. O-O d6 5. Nc3 Nf6 6. a3 Bg4 7. Be2 O-O 8. Na4 Bxf3 9. Bxf3 Qd7 10. c3 Rfe8
11. Nxc5 dxc5 12. b4 c4 13. Re1 Rad8 14. b5 Na5 15. Qa4 b6 16. h3 Nb3 17. Ra2 Na5 18. Re3 Nb3 19. Rc2 Nxc1 20. Rxc1 a5
21. Re2 Qd3 22. Ree1 g6 23. Be2 Qxd2 24. Rcd1 Qxc3 25. Bxc4 Rd4 26. Bxf7+ Kxf7 27. Re3 Qb2 28. Rb3 Rxd1+ 29. Kh2 Qa1 30. Qc4+ Re6
31. Rf3 c5 32. Qb3 Rh1+ 33. Kg3 Ke7 34. Qe3 Re1 35. Qg5 Rxe4 36. Qh6 Rf4
0-1

[Event "September Blitz"]
[Site "SchemingMind.com"]
[Date "2011.09.09"]
[Round "-"]
[White "lennart"]
[Black "emvarela"]
[Result "0-1"]
[WhiteCountry "SWE"]
[BlackCountry "ARG"]
[WhiteElo "1491"]
[WhiteRD "52"]
[BlackElo "1751"]
[BlackRD "48"]
[GameID "292498"]

1. e4 e5 2. Nc3 Nf6 3. Nf3 Nc6 4. Bc4 Nxe4 5. Nxe4 d5 6. Bb5 dxe4 7. Nxe5 Qd5 8. Nxc6 Qxb5 9. Nd4 Qd5 10. Nb3 Bd6
11. O-O O-O 12. d4 Be6 13. Re1 Rad8 14. Nd2 f5 15. Nf1 c5 16. c3 cxd4 17. cxd4 Bb4 18. Ne3 Qxd4 19. Qxd4 Rxd4 20. Re2 Rfd8
21. g3 g6 22. b3 Bc3 23. Rb1 Bd2 24. Nc4 Bxc4 25. bxc4 Bxc1 26. Rxc1 Rd1+ 27. Rxd1 Rxd1+ 28. Kg2 Rc1 29. f3 Rxc4 30. Re3 Rc2+
31. Kh3 exf3 32. Rxf3 Rxa2 33. Kh4 b5 34. h3 Ra4+ 35. Kg5 Kg7 36. Rb3 h6#
0-1

[Event "September Blitz"]
[Site "SchemingMind.com"]
[Date "2011.09.07"]
[Round "-"]
[White "lennart"]
[Black "abuteague"]
[Result "0-1"]
[WhiteCountry "SWE"]
[BlackCountry "USA"]
[WhiteElo "1479"]
[WhiteRD "55"]
[BlackElo "1635"]
[BlackRD "63"]
[GameID "292499"]

1. e4 d6 2. Nf3 Nf6 3. d3 c5 4. d4 cxd4 5. Nxd4 Nxe4 6. Qe2 Qa5+ 7. c3 d5 8. a4 e6 9. b4 Qc7 10. Ra3 Bxb4
11. cxb4 Qxc1+ 12. Qd1 Qxd1+ 13. Kxd1 Nxf2+
0-1

[Event "September Blitz"]
[Site "SchemingMind.com"]
[Date "2011.09.08"]
[Round "-"]
[White "lennart"]
[Black "kenneth m day"]
[Result "0-1"]
[WhiteCountry "SWE"]
[BlackCountry "USA"]
[WhiteElo "1479"]
[WhiteRD "55"]
[BlackElo "1943"]
[BlackRD "55"]
[GameID "292500"]

1. e4 e6 2. Nf3 c5 3. Bd3 Nf6 4. h3 Nc6 5. O-O Qc7 6. Re1 Be7 7. e5 Nd5 8. Re4 d6 9. exd6 Bxd6 10. g3 Bd7
11. Qf1 O-O-O 12. Be2 Rdg8 13. c3 g5 14. d3 f5 15. Ra4 g4 16. Nh4 Bxg3 17. hxg4 Bxh4 18. Qh3 Be7 19. Nd2 Ne5 20. Kf1 Bxa4
21. Ke1 Nf4 22. Qh6 Bg5 23. Qh1 Bc6 24. Nf3 Nxe2
0-1

[Event "September Blitz"]
[Site "SchemingMind.com"]
[Date "2011.09.08"]
[Round "-"]
[White "jtrochez1"]
[Black "lennart"]
[Result "0-1"]
[WhiteCountry "HON"]
[BlackCountry "SWE"]
[WhiteElo "1571"]
[WhiteRD "53"]
[BlackElo "1491"]
[BlackRD "52"]
[GameID "292501"]

1. e4 e5 2. Bc4 Nf6 3. d3 Bc5 4. h3 c6 5. c3 d5 6. exd5 cxd5 7. Bb5+ Nfd7 8. d4 Bd6 9. Be2 e4 10. Be3 O-O
11. c4 Nb6 12. c5 Be7 13. cxb6 Qxb6 14. b3 a5 15. a3 Bd7 16. Nc3 Bc6 17. f4 f5 18. Bf2 Nd7 19. a4 Qc7 20. g3 Nf6
21. Bb5 Bb4 22. Ne2 Bxb5 23. O-O Bxe2 24. Qxe2 Qxc3 25. Rab1 Qd2 26. Qxd2 Bxd2 27. Rb2 Bb4 28. Be1 Bxe1 29. Rxe1 Nh5 30. Kh2 Ra6
31. Rc2 Rc6 32. Rc5 Rxc5 33. dxc5 Nf6 34. Kg2 Rc8 35. Rc1 d4 36. Kf1 d3 37. g4 fxg4 38. Kg2 Nd5 39. hxg4 d2 40. Rh1 Nxf4+
41. Kf2 g5 42. Rd1 Rd8 43. Ke3 Nd5+ 44. Kd4 Nf6+ 45. Ke3 Rd3+ 46. Ke2 Nxg4 47. Rxd2 Rxd2+ 48. Kxd2 Ne5 49. Ke3 Nc6 50. Kxe4 g4
51. Kf4 h5 52. Kg3 Kg7 53. Kh4 Kg6 54. Kg3 Kg5
0-1

[Event "September Blitz"]
[Site "SchemingMind.com"]
[Date "2011.09.07"]
[Round "-"]
[White "Clive Everill"]
[Black "lennart"]
[Result "1-0"]
[WhiteCountry "CZE"]
[BlackCountry "SWE"]
[WhiteElo "1809"]
[WhiteRD "50"]
[BlackElo "1479"]
[BlackRD "55"]
[GameID "292503"]

1. e4 e5 2. Nc3 d6 3. f4 exf4 4. Bc4 Nf6 5. d4 Nbd7 6. Bxf4 Nb6 7. Bb3 Qe7 8. Qe2 c6 9. Nf3 h6 10. O-O-O a5
11. a3 a4 12. Ba2 Ra5 13. Rhe1 Be6 14. d5 cxd5 15. exd5 Nbxd5 16. Nxd5 Nxd5 17. Bxd5 Bxd5 18. Bxd6 Qxe2 19. Rxe2+ Be6 20. Bc7 Ra8
21. Nd4 Ra6 22. Nf5 Ra8 23. Nd4 Ra6 24. Nb5 Be7 25. Bd6 Rb6 26. Nc7+ Kf8 27. Bxe7+ Kxe7 28. Nd5+
1-0

[Event "September Blitz"]
[Site "SchemingMind.com"]
[Date "2011.09.09"]
[Round "-"]
[White "CortexContusion"]
[Black "lennart"]
[Result "1-0"]
[WhiteCountry "USA"]
[BlackCountry "SWE"]
[WhiteElo "1779"]
[WhiteRD "69"]
[BlackElo "1479"]
[BlackRD "55"]
[GameID "292504"]

1. d4 d5 2. c4 dxc4 3. e4 b5 4. a4 bxa4 5. Qxa4+ Qd7 6. Qxc4 Bb7 7. Nc3 Ba6 8. Rxa6 Nxa6 9. Qxa6 c6 10. d5 Qc7
11. Bf4 Qc8 12. dxc6 f6 13. Qxc8+ Rxc8 14. Ba6 Ra8 15. Bb7
1-0

[Event "September Blitz"]
[Site "SchemingMind.com"]
[Date "2011.09.08"]
[Round "-"]
[White "mmccaffe"]
[Black "lennart"]
[Result "0-1"]
[WhiteCountry "USA"]
[BlackCountry "SWE"]
[WhiteElo "1628"]
[WhiteRD "50"]
[BlackElo "1491"]
[BlackRD "52"]
[GameID "292505"]

1. d4 d5 2. c4 dxc4 3. Nf3 e6 4. e3 b5 5. a4 c6 6. Nc3 b4 7. Na2 Ba6 8. Nxb4 Bb7 9. Bxc4 Bxb4+ 10. Bd2 Bxd2+
11. Qxd2 Nf6 12. O-O O-O 13. Rfd1 Ne4 14. Qc2 Nd6 15. Bd3 a5 16. Ne5 f5 17. g4 Qg5 18. f4 Qh4 19. g5 c5 20. dxc5 Ne4
21. c6 Nxc6 22. Nxc6 Bxc6 23. Qxc6 Qf2+ 24. Kh1 Qf3+ 25. Kg1 Qxe3+ 26. Kh1 Nf2+ 27. Kg2 Nxd1 28. Rxd1 Kh8 29. Bb5 Qxf4
0-1

[Event "September Blitz"]
[Site "SchemingMind.com"]
[Date "2011.09.07"]
[Round "-"]
[White "berra"]
[Black "lennart"]
[Result "0-1"]
[WhiteCountry "SWE"]
[BlackCountry "SWE"]
[WhiteElo "1554"]
[WhiteRD "68"]
[BlackElo "1479"]
[BlackRD "55"]
[GameID "292506"]

1. c3 e5 2. d4 exd4 3. Qxd4 Nf6 4. Bg5 Be7 5. e4 Nc6 6. Qc4 Ne5 7. Qe2 d6 8. Bxf6 Bxf6 9. Nf3 O-O 10. Nxe5 Bxe5
11. Nd2 Be6 12. O-O-O Bxa2 13. Kc2 Be6 14. f3 a5 15. Ra1 c6 16. g3 b5 17. c4 b4 18. Ra4 f5 19. Bh3 Qb6 20. Kb3 Bd7
21. Qd3 c5 22. Kc2 Bxa4+ 23. b3 Bd7 24. exf5 a4 25. Kd1 a3
0-1

[Event "September Blitz"]
[Site "SchemingMind.com"]
[Date "2011.09.09"]
[Round "-"]
[White "emvarela"]
[Black "lennart"]
[Result "1-0"]
[WhiteCountry "ARG"]
[BlackCountry "SWE"]
[WhiteElo "1751"]
[WhiteRD "48"]
[BlackElo "1491"]
[BlackRD "52"]
[GameID "292507"]

1. e4 e5 2. Nf3 d6 3. d4 exd4 4. c3 c5 5. cxd4 Nf6 6. d5 Nxe4 7. Qe2 Bf5 8. Nc3 Qe7 9. Nxe4 Bxe4 10. Qb5+ Qd7
11. Qxd7+ Nxd7 12. Bc4 Be7 13. O-O Bxf3 14. gxf3 O-O 15. Re1 Bf6 16. Bf4 Bxb2 17. Rab1 Be5 18. Bg3 Bxg3 19. fxg3 Ne5 20. Be2 b6
21. f4 Nd7 22. Bb5 Nf6 23. Bc6 Rab8 24. Re7 Ne8 25. Rxa7 Nf6 26. Ra6 c4 27. Raxb6 Rxb6 28. Rxb6 c3 29. Rb1 Ne4 30. Rc1 h6
31. a4 Rc8 32. a5 Rc7 33. a6 Ra7 34. Bb7 g6 35. Kg2 Kg7 36. Kf3 f5 37. Ke3 Kf6 38. Kd4 h5 39. Rxc3 Nc5 40. Rxc5
1-0

[Event "September Blitz"]
[Site "SchemingMind.com"]
[Date "2011.09.07"]
[Round "-"]
[White "abuteague"]
[Black "lennart"]
[Result "0-1"]
[WhiteCountry "USA"]
[BlackCountry "SWE"]
[WhiteElo "1635"]
[WhiteRD "63"]
[BlackElo "1479"]
[BlackRD "55"]
[GameID "292508"]

1. d4 d5 2. c4 dxc4 3. Nf3 e6 4. e4 b5 5. a4 c6 6. axb5 cxb5 7. Be2 Bb4+ 8. Bd2 Bxd2+ 9. Nbxd2 Nf6 10. O-O O-O
11. Nb1 Nxe4 12. Ne5 a6 13. Bf3 Bb7 14. Bxe4 Bxe4 15. b3 cxb3 16. Qxb3 Ra7 17. Rd1 Nd7 18. Nc3 Ba8 19. Nxd7 Rxd7 20. Ne2 Qb6
21. Ra2 Bd5
0-1